00521nam a22001817a 450000500170000001000150001702000260003203500140005803700090007208200080008110000220008924500610011125000170017226000320018927000720022130000210029370000250031420220315121721.0 aENG-131990 a9789354601187c795.00 aEN-115522 bDBAD a330 aSamuelson, Paul A aMicroeconomics/cPaul A Samuelson and William D Nordhaus a20th Edition aChennaibMC Graw Hillc2022 aAnjana complexNo.5/90A, Butt Road, St Thomas MountbChennaie600016 a487p.c24cm(pbk) aNordhaus, William D